[Event "Wch U20 Girls 31st"]
[Site "Kocaeli"]
[Date "2013.09.26"]
[Round "13"]
[White "Vo, Thi Kim Phung"]
[Black "Shristi, J Shetty"]
[Result "1-0"]
[WhiteElo "2219"]
[BlackElo "1909"]
[PlyCount "131"]
[EventDate "2013.09.13"]
[EventType "swiss"]
[EventRounds "13"]
[EventCountry "TUR"]
[SourceTitle "CBM 156 Extra"]
[Source "ChessBase"]
[SourceDate "2013.10.22"]
[SourceVersion "1"]
[SourceVersionDate "2013.10.22"]
[SourceQuality "1"]

1. d4 Nf6 2. Bf4 e6 3. e3 c5 4. c3 Nc6 5. Nd2 d5 6. Ngf3 Bd6 7. Bg3 Bxg3 8. hxg3 Qd6 9. Bb5 Bd7 10. 0-0 Ne7 11. Bd3 Qb6 12. Qb3 Qxb3 13. axb3 cxd4 14. exd4 0-0 15. Ne5 Nc6 16. Ndf3 Nxe5 17. Nxe5 Be8 18. b4 Ne4 19. Bxe4 dxe4 20. Rfe1 f6 21. Nc4 f5 22. Nb6 Rb8 23. Rxa7 Bc6 24. Ra5 Rfd8 25. Rea1 Kf7 26. Nc4 Ke7 27. Ne5 Be8 28. f3 exf3 29. gxf3 g5 30. Re1 Kf6 31. Kf2 h5 32. Nd3 Rd6 33. Rae5 Bf7 34. Ra1 h4 35. gxh4 gxh4 36. Rh1 Rh8 37. Ra5 Be8 38. Ne5 Bc6 39. b5 Be8 40. Ra8 Rd5 41. b6 Rb5 42. b4 Kg7 43. Rg1+ Kh7 44. Nc4 Rd5 45. Rc8 Rd7 46. Rc7 h3 47. Nd6 Rxc7 48. bxc7 Bd7 49. Rg3 Ra8 50. Rxh3+ Kg7 51. f4 b6 52. c4 Ra2+ 53. Ke1 Ra1+ 54. Kd2 Ra2+ 55. Kc1 Ra1+ 56. Kb2 Rf1 57. Rh4 Rf2+ 58. Kc3 Rf3+ 59. Kd2 Rf2+ 60. Ke3 Ra2 61. c8Q Bxc8 62. Nxc8 Ra4 63. Nxb6 Rxb4 64. c5 Rb3+ 65. Ke2 Kf7 66. Nc4 1-0

[Event "Wch U20 Girls 31st"]
[Site "Kocaeli"]
[Date "2013.09.23"]
[Round "10"]
[White "Alymbay, Kyzy Aizhan"]
[Black "Shristi, J Shetty"]
[Result "1-0"]
[WhiteElo "1820"]
[BlackElo "1909"]
[PlyCount "37"]
[EventDate "2013.09.13"]
[EventType "swiss"]
[EventRounds "13"]
[EventCountry "TUR"]
[SourceTitle "CBM 156 Extra"]
[Source "ChessBase"]
[SourceDate "2013.10.22"]
[SourceVersion "1"]
[SourceVersionDate "2013.10.22"]
[SourceQuality "1"]

1. e4 c5 2. Nf3 Nc6 3. d4 cxd4 4. Nxd4 Nf6 5. Nc3 e5 6. Ndb5 d6 7. Bg5 a6 8. Na3 b5 9. Bxf6 gxf6 10. Nd5 f5 11. Bd3 Be6 12. 0-0 Bxd5 13. exd5 Ne7 14. Nxb5 Qb6 15. Na3 Qxb2 16. Nc4 Qb4 17. c3 Qc5 18. Qa4+ Kd8 19. Rab1 1-0

[Event "Wch U20 Girls 31st"]
[Site "Kocaeli"]
[Date "2013.09.18"]
[Round "6"]
[White "Birgelir, Melisa"]
[Black "Shristi, J Shetty"]
[Result "0-1"]
[WhiteElo "1617"]
[BlackElo "1909"]
[PlyCount "43"]
[EventDate "2013.09.13"]
[EventType "swiss"]
[EventRounds "13"]
[EventCountry "TUR"]
[SourceTitle "CBM 156 Extra"]
[Source "ChessBase"]
[SourceDate "2013.10.22"]
[SourceVersion "1"]
[SourceVersionDate "2013.10.22"]
[SourceQuality "1"]

1. e4 c5 2. Nf3 Nc6 3. d3 g6 4. g3 Bg7 5. Bg2 d5 6. Nbd2 e6 7. 0-0 Nge7 8. Re1 Rb8 9. a4 a6 10. Nf1 b5 11. axb5 axb5 12. Ne3 h6 13. Ng4 f5 14. Ne3 0-0 15. exf5 exf5 16. Nh4 Kh7 17. f4 d4 18. Nf1 Qd6 19. Nf3 Bb7 20. Rb1 Ra8 21. Bd2 b4 22. Ne3 0-1

[Event "Wch U20 Girls 31st"]
[Site "Kocaeli"]
[Date "2013.09.17"]
[Round "5"]
[White "Shristi, J Shetty"]
[Black "Styazhkina, Anna"]
[Result "0-1"]
[WhiteElo "1909"]
[BlackElo "2244"]
[PlyCount "66"]
[EventDate "2013.09.13"]
[EventType "swiss"]
[EventRounds "13"]
[EventCountry "TUR"]
[SourceTitle "CBM 156 Extra"]
[Source "ChessBase"]
[SourceDate "2013.10.22"]
[SourceVersion "1"]
[SourceVersionDate "2013.10.22"]
[SourceQuality "1"]

1. e4 e5 2. Nf3 Nc6 3. Bb5 a6 4. Ba4 Nge7 5. Bb3 Ng6 6. c3 d6 7. d4 Bg4 8. h3 Bxf3 9. Qxf3 Qd7 10. Be3 Na5 11. Bc2 Be7 12. 0-0 0-0 13. Nd2 c5 14. Rfd1 Qc7 15. dxc5 dxc5 16. b3 b5 17. a3 Rfd8 18. Nf1 c4 19. b4 Nc6 20. a4 Bf6 21. a5 Nd4 22. cxd4 exd4 23. e5 Nxe5 24. Qe4 d3 25. Bb6 Qc6 26. Qe3 Re8 27. Rac1 dxc2 28. Rxc2 Nd7 29. Qg3 Nxb6 30. Rd6 Qe4 31. axb6 Be5 32. Qf3 Qxf3 33. gxf3 Bxd6 0-1

[Event "IND-ch U19 Girls 28th"]
[Site "Lucknow"]
[Date "2013.07.16"]
[Round "9"]
[White "Shristi, J Shetty"]
[Black "Madhurima, Shekhar"]
[Result "0-1"]
[WhiteElo "1897"]
[BlackElo "1999"]
[PlyCount "58"]
[EventDate "2013.07.10"]
[EventType "swiss"]
[EventRounds "11"]
[EventCountry "IND"]
[SourceTitle "CBM 155 Extra"]
[Source "ChessBase"]
[SourceDate "2013.08.26"]
[SourceVersion "1"]
[SourceVersionDate "2013.08.26"]
[SourceQuality "1"]

1. e4 e6 2. b3 d5 3. Bb2 dxe4 4. Nc3 Nf6 5. g4 Bd7 6. g5 Nd5 7. Nxe4 Bc6 8. Bg2 Nf4 9. Bf3 h6 10. Nf6+ gxf6 11. Bxf6 Qd6 12. Bxh8 Ng2+ 13. Kf1 Nh4 14. Bxc6+ Qxc6 15. f3 Nd7 16. Qe2 hxg5 17. Bc3 0-0-0 18. Qe4 Qa6+ 19. Qc4 Qd6 20. Qd4 Qa6+ 21. Qc4 Qb6 22. Ke2 Qd6 23. Qd4 Qa6+ 24. Qc4 b5 25. Qg4 b4+ 26. d3 bxc3 27. Qxg5 Nf5 28. h4 Bh6 29. Qh5 Ng3+ 0-1

[Event "IND-ch U19 Girls 28th"]
[Site "Lucknow"]
[Date "2013.07.13"]
[Round "6"]
[White "Bala, Kannamma P"]
[Black "Shristi, J Shetty"]
[Result "0-1"]
[WhiteElo "2004"]
[BlackElo "1897"]
[PlyCount "88"]
[EventDate "2013.07.10"]
[EventType "swiss"]
[EventRounds "11"]
[EventCountry "IND"]
[SourceTitle "CBM 155 Extra"]
[Source "ChessBase"]
[SourceDate "2013.08.26"]
[SourceVersion "1"]
[SourceVersionDate "2013.08.26"]
[SourceQuality "1"]

1. e4 c5 2. Nf3 Nc6 3. d4 cxd4 4. Nxd4 Nf6 5. Nc3 e5 6. Ndb5 d6 7. Bg5 a6 8. Na3 b5 9. Bxf6 gxf6 10. Nd5 f5 11. Bd3 Be6 12. 0-0 Bxd5 13. exd5 Ne7 14. c4 Bg7 15. Rb1 e4 16. Be2 0-0 17. cxb5 axb5 18. Bxb5 Qa5 19. Bc6 Rab8 20. Nc4 Qxa2 21. Qc2 Rfd8 22. Ra1 Qb3 23. Qxb3 Rxb3 24. Ra7 Bf6 25. Rb7 Rd3 26. Rb5 f4 27. Re1 Nf5 28. Kf1 e3 29. Ke2 exf2 30. Kxf2 Nd4 31. Rb7 Bh4+ 32. Kf1 Bxe1 33. Kxe1 f3 34. gxf3 Rxf3 35. b4 Rc3 36. Na5 Rc2 37. Rb6 Kh8 38. Ba4 Rxh2 39. Nc6 Nf3+ 40. Kd1 Rg8 41. Rb8 Rxb8 42. Nxb8 Rd2+ 43. Kc1 Rxd5 44. Bc6 Rf5 0-1

[Event "Asia U20 Girls op"]
[Site "Sharjah"]
[Date "2013.04.02"]
[Round "5"]
[White "Shristi, J Shetty"]
[Black "Alymbay, Kyzy Aizhan"]
[Result "1/2-1/2"]
[WhiteElo "1913"]
[BlackElo "1801"]
[PlyCount "76"]
[EventDate "2013.03.30"]
[EventType "swiss"]
[EventRounds "9"]
[EventCountry "UAE"]
[SourceTitle "CBM 153 Extra"]
[Source "ChessBase"]
[SourceDate "2013.04.22"]
[SourceVersion "1"]
[SourceVersionDate "2013.04.22"]
[SourceQuality "1"]

1. e4 c5 2. Nf3 e6 3. d3 Nc6 4. g3 d5 5. Nbd2 Nf6 6. Bg2 Be7 7. 0-0 0-0 8. e5 Nd7 9. Re1 Qc7 10. Qe2 b6 11. h4 Bb7 12. Nf1 d4 13. N1h2 Rad8 14. Ng4 h5 15. Ngh2 Ba6 16. g4 c4 17. dxc4 Bb4 18. Bg5 Bxe1 19. Rxe1 Rde8 20. gxh5 Ndxe5 21. Nxe5 Nxe5 22. Bf4 f6 23. b3 Qf7 24. Bxe5 fxe5 25. Be4 Qf4 26. Ng4 Bc8 27. Kg2 Kh8 28. Bc6 Kg8 29. Nxe5 Rd8 30. Ng6 Qc7 31. Qe4 Rf6 32. Rd1 Rd6 33. Kg1 Rxg6+ 34. hxg6 Qxc6 35. Qxc6 Rxc6 36. Rxd4 Kf8 37. Rf4+ Kg8 38. Rd4 Kf8 1/2-1/2

[Event "Wch U20 Girls 29th"]
[Site "Chennai"]
[Date "2011.08.12"]
[Round "10"]
[White "Sathya, Priya SV"]
[Black "Shristi, J Shetty"]
[Result "1-0"]
[WhiteElo "1842"]
[BlackElo "1927"]
[PlyCount "53"]
[EventDate "2011.08.02"]
[EventType "swiss"]
[EventRounds "13"]
[EventCountry "IND"]
[SourceTitle "CBM 143 Extra"]
[Source "ChessBase"]
[SourceDate "2011.08.29"]
[SourceVersion "1"]
[SourceVersionDate "2011.08.29"]
[SourceQuality "1"]

1. d4 Nf6 2. c4 c5 3. d5 e6 4. Nc3 exd5 5. cxd5 d6 6. e4 g6 7. f4 Bg7 8. Bb5+ Nfd7 9. a4 0-0 10. Nf3 Re8 11. 0-0 a6 12. Be2 Nf6 13. e5 dxe5 14. fxe5 Ng4 15. Bg5 Qb6 16. d6 Be6 17. Nd5 Bxd5 18. Qxd5 Nd7 19. Bc4 Ngxe5 20. Nxe5 Nxe5 21. Rxf7 Nxf7 22. Qxf7+ Kh8 23. Bf6 Rg8 24. Re1 Qd8 25. Bxd8 Raxd8 26. d7 Rgf8 27. Re8 1-0

[Event "Wch U20 Girls 29th"]
[Site "Chennai"]
[Date "2011.08.04"]
[Round "3"]
[White "Shristi, J Shetty"]
[Black "Tsatsalashvili, Ketevan"]
[Result "0-1"]
[WhiteElo "1927"]
[BlackElo "2318"]
[PlyCount "78"]
[EventDate "2011.08.02"]
[EventType "swiss"]
[EventRounds "13"]
[EventCountry "IND"]
[SourceTitle "CBM 143 Extra"]
[Source "ChessBase"]
[SourceDate "2011.08.29"]
[SourceVersion "1"]
[SourceVersionDate "2011.08.29"]
[SourceQuality "1"]

1. e4 c5 2. Nf3 d6 3. d3 Nc6 4. g3 e6 5. Bg2 Nf6 6. 0-0 d5 7. Nbd2 Be7 8. Re1 a6 9. a4 b6 10. Qe2 Bb7 11. c3 h6 12. Nf1 Qd7 13. Bd2 dxe4 14. dxe4 0-0-0 15. b4 cxb4 16. cxb4 Bxb4 17. Bxb4 Nxb4 18. Ne5 Qe7 19. Qe3 Nd7 20. Nxd7 Rxd7 21. Qxb6 Rc7 22. Rab1 Nd3 23. Red1 Ne5 24. Ne3 Rd8 25. f4 Rxd1+ 26. Rxd1 Nd7 27. Qb2 Qc5 28. Qd2 Qc3 29. e5 Bxg2 30. Nxg2 Qxd2 31. Rxd2 Rc1+ 32. Kf2 Ra1 33. Rd4 Nb6 34. Rd6 Kc7 35. a5 Rxa5 36. Ne3 Ra2+ 37. Kf3 Ra3 38. Ke4 Rxe3+ 39. Kxe3 Nc4+ 0-1

[Event "Wch U20 Girls 29th"]
[Site "Chennai"]
[Date "2011.08.02"]
[Round "1"]
[White "Shristi, J Shetty"]
[Black "Nakhbayeva, Guliskhan"]
[Result "1/2-1/2"]
[WhiteElo "1927"]
[BlackElo "2222"]
[PlyCount "80"]
[EventDate "2011.08.02"]
[EventType "swiss"]
[EventRounds "13"]
[EventCountry "IND"]
[SourceTitle "CBM 143 Extra"]
[Source "ChessBase"]
[SourceDate "2011.08.29"]
[SourceVersion "1"]
[SourceVersionDate "2011.08.29"]
[SourceQuality "1"]

1. e4 e6 2. d3 d5 3. Nd2 c5 4. g3 Nc6 5. Bg2 g6 6. Ngf3 Bg7 7. 0-0 Nge7 8. Re1 Qc7 9. exd5 exd5 10. Nb3 b6 11. Bf4 Qd8 12. Ne5 0-0 13. a4 Be6 14. d4 c4 15. Nd2 Rc8 16. c3 Na5 17. h4 Nf5 18. Rc1 Re8 19. b4 cxb3 20. Nxb3 Nc4 21. Nxc4 dxc4 22. Nd2 Qd7 23. Qf3 Red8 24. Ra1 Bd5 25. Qxd5 Qxd5 26. Bxd5 Rxd5 27. Rab1 Ra5 28. Rb4 Bf8 29. Rxc4 Rxc4 30. Nxc4 Rxa4 31. Nb2 Ra3 32. Re8 Rxc3 33. d5 Rc5 34. g4 g5 35. hxg5 Nh4 36. d6 Rd5 37. Nc4 Ng6 38. Be3 b5 39. Na3 a6 40. Rd8 Rxd6 1/2-1/2

[Event "IND-chB (Women) 38th"]
[Site "Chennai"]
[Date "2011.07.06"]
[Round "7"]
[White "Hinduja, Reddy"]
[Black "Shristi, J Shetty"]
[Result "0-1"]
[WhiteElo "1760"]
[BlackElo "1927"]
[PlyCount "130"]
[EventDate "2011.07.02"]
[EventType "swiss"]
[EventRounds "11"]
[EventCountry "IND"]
[SourceTitle "CBM 143 Extra"]
[Source "ChessBase"]
[SourceDate "2011.08.29"]
[SourceVersion "1"]
[SourceVersionDate "2011.08.29"]
[SourceQuality "1"]

1. d4 Nf6 2. Nf3 c5 3. d5 e6 4. c4 exd5 5. cxd5 d6 6. Nc3 g6 7. h3 a6 8. e4 b5 9. a3 Bg7 10. Bd3 0-0 11. 0-0 Qe7 12. Re1 Nbd7 13. Bf4 Ne8 14. Qd2 f6 15. b4 c4 16. Bc2 Ne5 17. Nd4 Bd7 18. a4 Nc7 19. Bg3 Rfb8 20. a5 Nf7 21. Rad1 Re8 22. Nc6 Qf8 23. Ne2 Bxc6 24. dxc6 Rad8 25. Nc3 Ne5 26. Nd5 Qf7 27. Bxe5 dxe5 28. Qe3 Na8 29. Nb6 Bf8 30. Qc3 Qc7 31. Rxd8 Rxd8 32. Nd5 Qxc6 33. Qf3 Kg7 34. Rd1 Nc7 35. Qe3 Nxd5 36. exd5 Qb7 37. Rb1 Kg8 38. Qf3 Be7 39. Qg3 Bf8 40. Qf3 Kg7 41. Qe3 Rd7 42. Kh2 Qxd5 43. Rd1 Qe6 44. Rxd7+ Qxd7 45. Qb6 Bxb4 46. Qxa6 Qc7 47. Qxb5 Bxa5 48. g3 Bb6 49. Kg2 c3 50. Qd3 Qc5 51. Qe2 Qd4 52. h4 Qd2 53. Qxd2 cxd2 54. Kf3 f5 55. Ke2 Ba5 56. f3 Kf6 57. Bd3 h6 58. Bc2 h5 59. Bd3 g5 60. hxg5+ Kxg5 61. Bc2 f4 62. gxf4+ Kxf4 63. Kf2 h4 64. Bd1 h3 65. Kf1 Bb6 0-1

[Event "IND-chB (Women) 38th"]
[Site "Chennai"]
[Date "2011.07.05"]
[Round "5"]
[White "Bakshi, Rutuja"]
[Black "Shristi, J Shetty"]
[Result "1/2-1/2"]
[WhiteElo "1803"]
[BlackElo "1927"]
[PlyCount "44"]
[EventDate "2011.07.02"]
[EventType "swiss"]
[EventRounds "11"]
[EventCountry "IND"]
[SourceTitle "CBM 143 Extra"]
[Source "ChessBase"]
[SourceDate "2011.08.29"]
[SourceVersion "1"]
[SourceVersionDate "2011.08.29"]
[SourceQuality "1"]

1. d4 Nf6 2. e3 d5 3. f4 c5 4. c3 cxd4 5. exd4 Bf5 6. Nf3 Nc6 7. Be2 h5 8. Ne5 a6 9. Nd2 e6 10. Ndf3 Nd7 11. 0-0 Be7 12. Bd3 g6 13. Qe2 Ndxe5 14. Nxe5 Nxe5 15. fxe5 Bg5 16. Be3 Bxe3+ 17. Qxe3 Bxd3 18. Qxd3 Qg5 19. Rf6 0-0 20. Raf1 Rae8 21. Qf3 Re7 22. Qf2 Kg7 1/2-1/2

[Event "IND-chB (Women) 38th"]
[Site "Chennai"]
[Date "2011.07.05"]
[Round "6"]
[White "Shristi, J Shetty"]
[Black "Smaraki, Mohanty"]
[Result "0-1"]
[WhiteElo "1927"]
[BlackElo "1754"]
[PlyCount "50"]
[EventDate "2011.07.02"]
[EventType "swiss"]
[EventRounds "11"]
[EventCountry "IND"]
[SourceTitle "CBM 143 Extra"]
[Source "ChessBase"]
[SourceDate "2011.08.29"]
[SourceVersion "1"]
[SourceVersionDate "2011.08.29"]
[SourceQuality "1"]

1. e4 c6 2. d3 d5 3. Nd2 e5 4. g3 g6 5. Bg2 Bg7 6. Ngf3 Ne7 7. 0-0 0-0 8. Qe2 Qc7 9. Re1 Nd7 10. exd5 cxd5 11. Nb3 Nc6 12. Bd2 b6 13. Nh4 Qd6 14. c4 dxc4 15. dxc4 Bb7 16. Rad1 Qc7 17. Bc3 Rfe8 18. c5 Nxc5 19. Nxc5 bxc5 20. Qc4 Qb6 21. Rd7 Rf8 22. a4 Rad8 23. Red1 Ba6 24. Qe4 Nd4 25. a5 Qb3 0-1

[Event "Wch U16 Girls"]
[Site "Kemer"]
[Date "2009.11.18"]
[Round "7"]
[White "Shmarina, Daria"]
[Black "Shristi, J Shetty"]
[Result "1-0"]
[WhiteElo "1809"]
[BlackElo "1950"]
[PlyCount "37"]
[EventDate "2009.11.12"]
[EventType "swiss"]
[EventRounds "11"]
[EventCountry "TUR"]
[SourceTitle "EXT 2010"]
[Source "ChessBase"]
[SourceDate "2010.11.25"]
[SourceVersion "1"]
[SourceVersionDate "2010.11.25"]
[SourceQuality "1"]

1. e4 c5 2. c3 d5 3. exd5 Qxd5 4. d4 Nf6 5. Nf3 Bg4 6. Be2 e6 7. 0-0 Nc6 8. Be3 cxd4 9. cxd4 Bd6 10. Nc3 Qa5 11. Qb3 Qb4 12. Qxb4 Bxb4 13. h3 Bh5 14. g4 Bg6 15. Ne5 Ke7 16. Rac1 Rac8 17. Rfd1 Rhd8 18. Bf3 Ne8 19. g5 1-0

[Event "IND-ch U15"]
[Site "Mumbai"]
[Date "2009.11.08"]
[Round "10"]
[White "Supriya, Joshi"]
[Black "Shristi, J Shetty"]
[Result "0-1"]
[WhiteElo "1865"]
[BlackElo "1950"]
[PlyCount "84"]
[EventDate "2009.11.01"]
[EventType "swiss"]
[EventRounds "11"]
[EventCountry "IND"]
[SourceTitle "EXT 2011"]
[Source "ChessBase"]
[SourceDate "2010.11.26"]
[SourceVersion "1"]
[SourceVersionDate "2010.11.26"]
[SourceQuality "1"]

1. e4 c5 2. Nc3 Nc6 3. f4 g6 4. Nf3 Bg7 5. Bb5 Nd4 6. 0-0 e6 7. d3 Ne7 8. Nxd4 Bxd4+ 9. Kh1 a6 10. Ba4 Bg7 11. Qe1 0-0 12. Bb3 d5 13. Qg3 b5 14. f5 f6 15. exd5 exd5 16. Qf3 Bb7 17. fxg6 hxg6 18. a4 Qd7 19. axb5 axb5 20. Rxa8 Bxa8 21. Rd1 Kh7 22. Ne2 Qf5 23. Qxf5 Nxf5 24. Nf4 c4 25. Ba2 Re8 26. dxc4 dxc4 27. Kg1 Bf8 28. Kf1 Bc6 29. c3 Be4 30. Rd7+ Ng7 31. b3 g5 32. Nd5 Bd3+ 33. Kf2 Re2+ 34. Kg3 Rxa2 35. Nxf6+ Kg6 36. Ng4 Nh5+ 37. Kh3 Bf5 38. Rb7 Nf6 39. Rb6 Bxg4+ 40. Kg3 cxb3 41. h4 gxh4+ 42. Kxh4 b2 0-1

[Event "IND-ch U15"]
[Site "Mumbai"]
[Date "2009.11.02"]
[Round "4"]
[White "Shristi, J Shetty"]
[Black "Saranya, J."]
[Result "0-1"]
[WhiteElo "1950"]
[BlackElo "2146"]
[PlyCount "110"]
[EventDate "2009.11.01"]
[EventType "swiss"]
[EventRounds "11"]
[EventCountry "IND"]
[SourceTitle "EXT 2011"]
[Source "ChessBase"]
[SourceDate "2010.11.26"]
[SourceVersion "1"]
[SourceVersionDate "2010.11.26"]
[SourceQuality "1"]

1. e4 c5 2. Nf3 d6 3. d4 cxd4 4. Nxd4 Nf6 5. Nc3 a6 6. h3 e6 7. g4 d5 8. exd5 Nxd5 9. Bd2 Bc5 10. Nb3 Ba7 11. Qf3 Nxc3 12. Qxc3 0-0 13. 0-0-0 Qe7 14. Bf4 Qf6 15. Qxf6 gxf6 16. Bg3 Bb6 17. Bg2 a5 18. Nd2 Nd7 19. Ne4 Kg7 20. Rhe1 h5 21. Nd6 Nc5 22. Nc4 Ba7 23. Nxa5 e5 24. g5 Bb8 25. gxf6+ Kxf6 26. Nc4 Rxa2 27. Kb1 Ra4 28. b3 Rb4 29. Bh4+ Ke6 30. Bd5+ Kd7 31. Bxb7+ Kc7 32. Be7 Re8 33. Bxc5 Rxc4 34. bxc4 Kxb7 35. Re3 Kc6 36. Bb4 Be6 37. c5 Bc7 38. Kb2 Rb8 39. c3 Rg8 40. Rd2 Rg2 41. Rf3 Rh2 42. Kc2 e4 43. Rf6 Rxh3 44. Re2 Kd5 45. c4+ Ke5 46. Bc3+ Rxc3+ 47. Kxc3 Kxf6 48. Rxe4 Kg5 49. Kd4 h4 50. Ke3 h3 51. f4+ Kf5 52. Rd4 h2 53. Rd1 Bxf4+ 54. Kf2 Bxc4 55. c6 Bb5 0-1

[Event "Balaguer op 14th"]
[Site "Balaguer"]
[Date "2009.07.15"]
[Round "3"]
[White "Quintas Galeano, Lluis"]
[Black "Shristi, J Shetty"]
[Result "1-0"]
[WhiteElo "2140"]
[BlackElo "1935"]
[PlyCount "65"]
[EventDate "2009.07.13"]
[EventType "swiss"]
[EventRounds "10"]
[EventCountry "ESP"]
[SourceTitle "CBM 131 Extra"]
[Source "ChessBase"]
[SourceDate "2009.09.03"]
[SourceVersion "2"]
[SourceVersionDate "2009.09.16"]
[SourceQuality "1"]

1. e4 c5 2. Nf3 Nc6 3. Bb5 g6 4. Bxc6 bxc6 5. d3 Bg7 6. 0-0 Nh6 7. c3 0-0 8. Be3 d6 9. h3 f5 10. Qd2 Nf7 11. exf5 Bxf5 12. Na3 e5 13. Qe2 Qe7 14. Nc2 Rab8 15. b4 Bxd3 16. Qxd3 e4 17. Qc4 exf3 18. g3 Qd7 19. Kh2 Kh8 20. Rfd1 Qf5 21. Rac1 Ne5 22. Qf1 Rbd8 23. bxc5 dxc5 24. Bxc5 Ng4+ 25. hxg4 Qxc5 26. Nd4 Bxd4 27. cxd4 Qg5 28. Rxc6 Qxg4 29. Qh3 Qe4 30. Rc7 h5 31. Qf1 Rfe8 32. Qa6 Qe2 33. Qf6+ 1-0